The Holy Spirit and Christian experience / (Record no. 4593)

MARC details
000 -LEADER
fixed length control field 01729cam a2200241Ii 4500
001 - CONTROL NUMBER
control field 1668700
003 - CONTROL NUMBER IDENTIFIER
control field OCoLC
005 - DATE AND TIME OF LATEST TRANSACTION
control field 20181210163146.0
008 - FIXED-LENGTH DATA ELEMENTS--GENERAL INFORMATION
fixed length control field 751001s1975 tnua 000 0 eng d
035 ## - SYSTEM CONTROL NUMBER
System control number (OCoLC)1668700
040 ## - CATALOGING SOURCE
Original cataloging agency ICU
Transcribing agency ICU
Modifying agency IXT
-- NDD
-- XBE
050 #4 - LIBRARY OF CONGRESS CALL NUMBER
Classification number BT121.2
Item number .S85
082 04 - DEWEY DECIMAL CLASSIFICATION NUMBER
Classification number 231.3
Item number S864H
092 ## - LOCALLY ASSIGNED DEWEY CALL NUMBER (OCLC)
Classification number 231.3
Item number S8746
100 1# - MAIN ENTRY--PERSONAL NAME
Personal name Stokes, Mack B.
245 14 - TITLE STATEMENT
Title The Holy Spirit and Christian experience /
Statement of responsibility, etc. by Mack B. Stokes.
260 ## - PUBLICATION, DISTRIBUTION, ETC.
Place of publication, distribution, etc. Nashville :
Name of publisher, distributor, etc. Graded Press,
Date of publication, distribution, etc. 1975.
300 ## - PHYSICAL DESCRIPTION
Extent 176 p. :
Other physical details ill. ;
Dimensions 21 cm.
504 ## - BIBLIOGRAPHY, ETC. NOTE
Bibliography, etc. note Bibliography: p. 173-176.
505 0# - FORMATTED CONTENTS NOTE
Formatted contents note Introduction -- The trinity: the Christian understanding of God -- The biblical teaching -- [Ch.1] Foundations in the Old Testament -- [Ch.2] The Holy Spirit in Matthew, Mark and Luke -- [Ch.3] Major sources in the New Testament -- The Holy Spirit and the church -- [Ch.4] The Holy Spirit and the historic community of faith -- The Holy Spirit and the Wesleyan heritage -- The Holy Spirit and personal salvation -- [Ch.6] The Holy Spirit and the human spirit -- [Ch.7] The Holy Spirit and the new birth -- [Ch.8] The witness of the Spirit -- [Ch.9] The creative power of the Spirit -- The Holy Spirit and the Christian life -- [Ch.10] The Holy Spirit and Christian habits -- [Ch.11] The Holy Spirit and the concern for souls -- [Ch.12] The Holy Spirit and responsible living in community -- [Ch.13] The Holy Spirit and ecumenical spirit -- The Holy Spirit and the charismatic movement -- [Ch.14] The Holy Spirit and speaking in tongues -- [Ch.15] The church's response to speaking in tongues -- [Ch.16] The Holy Spirit and divine healing, exorcism, psychic phenomena, and the occult.
650 #0 - SUBJECT ADDED ENTRY--TOPICAL TERM
Topical term or geographic name entry element Holy Spirit.
942 ## - ADDED ENTRY ELEMENTS (KOHA)
Source of classification or shelving scheme Dewey Decimal Classification
Koha item type Books
Holdings
Withdrawn status Lost status Source of classification or shelving scheme Damaged status Not for loan Collection code Home library Current library Shelving location Date acquired Cost, normal purchase price Total Checkouts Full call number Barcode Date last seen Price effective from Koha item type
    Dewey Decimal Classification   Not For Loan Non-fiction Harvest Mission College Harvest Mission College General Stacks 10.12.2018 190.00   231.3 S864H 005282 10.12.2018 10.12.2018 Books

OPAC Designed and Maintained by HMC Library Team.
Copyright © HMC Library,Greater Noida, UP.
For any Suggestions/Query Contact library via Email:libhmc@gmail.com